Cómo ser un explorador del mundo : (Registro nro. 60)
[ vista simple ]
| 000 -LEADER | |
|---|---|
| fixed length control field | 00803nam a22001817a 4500 |
| 003 - CONTROL NUMBER IDENTIFIER | |
| control field | OSt |
| 005 - DATE AND TIME OF LATEST TRANSACTION | |
| control field | 20240408103848.0 |
| 008 - FIXED-LENGTH DATA ELEMENTS--GENERAL INFORMATION | |
| fixed length control field | 230628b2019 ag ||||| |||| 00| 0 spa d |
| 020 ## - INTERNATIONAL STANDARD BOOK NUMBER | |
| International Standard Book Number | 9789501298314 |
| 040 ## - CATALOGING SOURCE | |
| Language of cataloging | spa |
| Transcribing agency | besoc |
| 100 1# - MAIN ENTRY--PERSONAL NAME | |
| Personal name | Smith, Keri |
| Relator term | autor |
| 245 10 - TITLE STATEMENT | |
| Title | Cómo ser un explorador del mundo : |
| Remainder of title | Museo de arte vida portátil / |
| Statement of responsibility, etc. | Keri Smith |
| 260 ## - PUBLICATION, DISTRIBUTION, ETC. | |
| Place of publication, distribution, etc. | Buenos Aires : |
| Name of publisher, distributor, etc. | Paidós, |
| Date of publication, distribution, etc. | 2019 |
| 300 ## - PHYSICAL DESCRIPTION | |
| Extent | 204 p. |
| 505 0# - FORMATTED CONTENTS NOTE | |
| Formatted contents note | Compañero invalorable de tus paseos, este nuevo libro de la genial Keri Smith, autora de Destroza este diario, te guiará y ayudará a hacer cosas extraordinarias. Más de medio centenar de actividades para chicos y chicas con ganas de jugar a ser artistas y mirar el mundo con ojos nuevos. [Nota del editor] |
| 650 #4 - SUBJECT ADDED ENTRY--TOPICAL TERM | |
| Topical term or geographic name entry element | Aprendizaje por experiencia |
| 942 ## - ADDED ENTRY ELEMENTS (KOHA) | |
| Source of classification or shelving scheme | Universal Decimal Classification |
| Koha item type | Libro de préstamo a domicilio |
| Suppress in OPAC | No |
| Withdrawn status | Lost status | Source of classification or shelving scheme | Damaged status | Not for loan | Collection | Home library | Current library | Date acquired | Total checkouts | Full call number | Barcode | Date last seen | Price effective from | Koha item type |
|---|---|---|---|---|---|---|---|---|---|---|---|---|---|---|
| Universal Decimal Classification | Colección General | Biblioteca Escuela de Ciencias Sociales | Biblioteca Escuela de Ciencias Sociales | 04/09/2023 | 37.091.315.7 SM642 | 000804 | 04/09/2023 | 04/09/2023 | Libro de préstamo a domicilio |